| 000 | 00404nam a2200169Ia 4500 | ||
|---|---|---|---|
| 008 | 230524s9999 xx 000 0 und d | ||
| 020 | _a9788126528813 | ||
| 082 |
_a627.52 _bRAG |
||
| 100 | _aH.M.Raghunath | ||
| 245 | 0 | _aIrrigation Engineering | |
| 250 | _a3 | ||
| 260 |
_aNew Delhi _bWiley India _c2012 |
||
| 300 | _a"XIII,517p;" | ||
| 500 | _aQuantity Number: 1 | ||
| 650 | _aCivil | ||
| 942 | _cBK | ||
| 999 |
_c57647 _d57647 |
||